Conciliación y flexiseguridad en el ejercicio de los derechos a la reducción de jornada (Registro nro. 45270)
[ vista simple ]
| 000 -CABECERA | |
|---|---|
| Longitud fija campo de control | 01132naa a2200277 4500 |
| 001 - NÚMERO DE CONTROL | |
| Número de control | 45270 |
| 003 - IDENTIFICADOR DE NÚMERO DE CONTROL | |
| Identificador del número de control | ES-MaCES |
| 005 - FECHA Y HORA DE LA ÚLTIMA TRANSACCIÓN | |
| Fecha y hora de la última transacción | 20150724120123.0 |
| 008 - CAMPO FIJO DE DESCRIPCIÓN FIJA--INFORMACIÓN GENERAL | |
| Códigos de información de longitud fija | 000000s2014 sp ||||| t||||||| ||spa d |
| 040 ## - FUENTE DE CATALOGACIÓN | |
| Centro catalogador de origen | ES-MaCES |
| Lengua de catalogación | spa |
| Centro transcriptor | ES-MaCES |
| 100 1# - ENCABEZAMIENTO PRINCIPAL--NOMBRE PERSONAL | |
| 9 (RLIN) | 25662 |
| Nombre de persona | Velasco Portero, Mª Teresa |
| 245 10 - MENCIÓN DE TÍTULO | |
| Título | Conciliación y flexiseguridad en el ejercicio de los derechos a la reducción de jornada |
| Mención de responsabilidad, etc. | Mª Teresa Velasco Portero |
| 500 ## - NOTA GENERAL | |
| Nota general | Resumen |
| 650 #4 - ASIENTO SECUNDARIO DE MATERIA--TÉRMINO DE MATERIA | |
| 9 (RLIN) | 27303 |
| Término de materia o nombre geográfico como elemento inicial | conciliación |
| 650 #4 - ASIENTO SECUNDARIO DE MATERIA--TÉRMINO DE MATERIA | |
| 9 (RLIN) | 29238 |
| Término de materia o nombre geográfico como elemento inicial | vida privada |
| 650 #4 - ASIENTO SECUNDARIO DE MATERIA--TÉRMINO DE MATERIA | |
| 9 (RLIN) | 30174 |
| Término de materia o nombre geográfico como elemento inicial | flexibilidad del trabajo |
| 650 #4 - ASIENTO SECUNDARIO DE MATERIA--TÉRMINO DE MATERIA | |
| 9 (RLIN) | 28301 |
| Término de materia o nombre geográfico como elemento inicial | seguridad en el empleo |
| 650 #4 - ASIENTO SECUNDARIO DE MATERIA--TÉRMINO DE MATERIA | |
| 9 (RLIN) | 29924 |
| Término de materia o nombre geográfico como elemento inicial | derechos de los trabajadores |
| 650 #4 - ASIENTO SECUNDARIO DE MATERIA--TÉRMINO DE MATERIA | |
| 9 (RLIN) | 27165 |
| Término de materia o nombre geográfico como elemento inicial | derecho del trabajo |
| 650 #4 - ASIENTO SECUNDARIO DE MATERIA--TÉRMINO DE MATERIA | |
| 9 (RLIN) | 29013 |
| Término de materia o nombre geográfico como elemento inicial | permiso de trabajo |
| 653 10 - TÉRMINO DE INDEXACIÓN--NO CONTROLADO | |
| Término no controlado | Relaciones laborales-Empleo |
| 650 #4 - ASIENTO SECUNDARIO DE MATERIA--TÉRMINO DE MATERIA | |
| 9 (RLIN) | 29516 |
| Término de materia o nombre geográfico como elemento inicial | reducción de la duración del trabajo |
| 773 0# - ENTRADA DE DOCUMENTO FUENTE | |
| Itemnumber del ítem fuente | 81645 |
| Lugar, editor y fecha de publicación | Madrid (Príncipe, 5, 28012) Asociación de Cajas de Ahorros para las Relaciones Laborales |
| Otro identificador del documento | 084551 |
| Título | Documentación laboral |
| Número de control del registro relacionado | (ES-MaCES)25160 |
| Parte(s) relacionada(s) | n. 100 (2014-I) {10142 R. 084551} ;p. 53-70 |
| 902 ## - CES. TIPO DE DOCUMENTO | |
| Tipodoc (006$c Sirtex) | ART Artículo de revista |
| 942 ## - ELEMENTOS KOHA | |
| Fuente de clasificaión o esquema | Clasificación propia del CES |
| Koha [por defecto] tipo de item | Artículos (1982-2017) |
| Parte de clasificación | Relaciones Laborales y Rel. Lab.- Empleo |
No hay ítems disponibles.
